000 00778 a2200253 4500
005 20251219165042.0
008 251219b |||||||| |||| 00| 0 eng d
020 _a9781538147849 (pbk)
037 _cTB
040 _aCRL
_cCRL
041 _2eng
_aeng
084 _aS:55 R1
_qCRL
100 _aThemi, Tim
_9822137
245 _aEroticizing aesthetics:
_b in the real with bataille and lacan
260 _aLanham, UK:
_bRowman & Littlefield,
_c2021.
300 _axii;217p.
365 _b30.00
_cUKP
650 _aLove
_9858253
650 _aPsychology
_9858254
650 _aAesthetics
_9858255
650 _aErotica
_9858256
942 _cTB
_2CC
_n0
_hS:55 R1
999 _c1435914
_d1435914